| 000 | 00511 a2200181 4500 | ||
|---|---|---|---|
| 003 | OSt | ||
| 005 | 20240122125305.0 | ||
| 008 | 240122b |||||||| |||| 00| 0 eng d | ||
| 020 | _a9789392115233 | ||
| 040 | _coclc | ||
| 082 |
_a297.092 _bMAJ/I |
||
| 100 |
_aMajeed, A K Abdul _91899 |
||
| 245 |
_aIbnu Seena / _cA.K. Abdul Majeed |
||
| 250 | _a1st ed. | ||
| 260 |
_aMalappuram: _bBook Plus Publishers, _c2023. |
||
| 300 | _a192p. | ||
| 942 |
_2ddc _cBK _h297.092 _iMAJ/I _k297.092 _mMAJ/I |
||
| 999 |
_c43288 _d43288 |
||